Replication of CSIR NET Life Sciences: (Record no. 183846)
[ view plain ]
| 000 -LEADER | |
|---|---|
| fixed length control field | 00581nam a22001817a 4500 |
| 005 - DATE AND TIME OF LATEST TRANSACTION | |
| control field | 20220121151318.0 |
| 010 ## - LCCN (DPL NO) | |
| LC control number | ENG-130966 |
| 020 ## - INTERNATIONAL STANDARD BOOK NUMBER | |
| International Standard Book Number | 978-93-90054-27-5 |
| Terms of availability | 995.00 |
| 035 ## - SYSTEM CONTROL NUMBER | |
| System control number | EN-114498 |
| 037 ## - SOURCE OF ACQUISITION | |
| Source of stock number/acquisition | DBAD |
| 082 ## - DEWEY DECIMAL CLASSIFICATION NUMBER | |
| Classification number | 570 |
| 245 ## - TITLE STATEMENT | |
| Title | Replication of CSIR NET Life Sciences: |
| Statement of responsibility, etc | Edited by Debasish Kar |
| 260 ## - PUBLICATION, DISTRIBUTION, ETC. (IMPRINT) | |
| Place of publication, distribution, etc | New Delhi |
| Name of publisher, distributor, etc | Viva Books Private Limited |
| Date of publication, distribution, etc | 2021 |
| 270 ## - ADDRESS | |
| City | New Delhi |
| Postal code | 110002 |
| Address | 4737/23, Ansari Road, Daryaganj |
| Electronic mail address | vivadelhi@vivagroupindia.net |
| 300 ## - PHYSICAL DESCRIPTION | |
| Extent | vii, 744p. |
| Dimensions | 28cm(pbk) |
| 700 ## - ADDED ENTRY--PERSONAL NAME | |
| Personal name | Kar, Debasish |
| 942 ## - ADDED ENTRY ELEMENTS (KOHA) | |
| Source of classification or shelving scheme | Dewey Decimal Classification |
| Item type | English Books |
| Classification part | 570 |
| Call number suffix | KAR |
| Withdrawn status | Lost status | Not for loan | Collection code | Home library | Current library | Date acquired | Source of acquisition | Cost, normal purchase price | Full call number | Barcode | Copy number | Cost, replacement price | Koha item type |
|---|---|---|---|---|---|---|---|---|---|---|---|---|---|
| Non-fiction | Patel Nagar | Patel Nagar | 06/01/2022 | DBAD/PUB | 995.00 | 570 REP | EN-114498 | 1 | 995.00 | English Books |
